| 000 | nam a22 a 4500 | ||
|---|---|---|---|
| 999 |
_c34 _d34 |
||
| 003 | AKMAL | ||
| 005 | 20170413121958.0 | ||
| 008 | 170413s2002 my 00 eng d | ||
| 020 |
_a9679781038 (pbk.): _cRM25.00 |
||
| 040 | _aAKMAL | ||
| 082 | 0 | 4 |
_a301.0899923 _221 |
| 090 | 0 | 0 |
_a301.0899923 _bMAH |
| 100 | 0 |
_aMahathir Mohamad, _cTun, _d1925- _941 |
|
| 245 | 1 | 4 |
_aThe challenge / _cMahathir Mohamad |
| 260 |
_aSubang Jaya : _bPelanduk Publications, _c2002 |
||
| 300 | 0 | 0 |
_a[170]p. ; _c21cm |
| 500 | _aIncludes index | ||
| 650 | 0 |
_aMalays (Asian people) _xSocial conditions _zMalaysia _9117 |
|
| 650 | 0 |
_aMalays (Asian people) _xPolitics and government _zMalaysia _9118 |
|
| 942 |
_2ddc _cBOOK |
||